| 000 | 00369 a2200121 4500 | ||
|---|---|---|---|
| 001 | 63299 | ||
| 082 | _a327.5491 MFA | ||
| 090 |
_c37341 _d37341 |
||
| 100 | _aMinistry of Foreign Affairs Islamabad | ||
| 245 |
_aPakistan Foreign Relation 1998-99 _hEnglish |
||
| 260 |
_aIslamabad pakistan _bMinistry of Foreign Affairs Islamabad Pakistan _c1997 |
||
| 300 | _a126p +iii | ||
| 942 |
_aCAE NUST _k327.5491 MFA |
||
| 999 |
_c298372 _d298372 |
||